| 000 | 00600nam a2200181 i 4500 | ||
|---|---|---|---|
| 001 | bg | ||
| 245 | 0 | 0 |
_aEdukacja medialna : _bpotrzeba i wyzwanie przyszłości : materiały z konferencji naukowej, Warszawa, 18 października 2000 roku / _cKrajowa Rada Radiofonii i Telewizji. |
| 260 |
_aWarszawa : _bKRRiT, _c2000. |
||
| 300 |
_a96 s. ; _c21 cm. |
||
| 650 | 9 | _aEdukacja medialna | |
| 655 | _aMateriały konferencyjne | ||
| 710 | 0 | _aKrajowa Rada Radiofonii i Telewizji | |
| 040 | _cBPK | ||
| 041 | 0 | _apl | |
| 080 | _a659.3:372.8(061) | ||
| 942 | _cKS | ||
| 008 | s pl f |000 0 pol | ||
| 999 |
_c41134 _d41134 |
||
| 856 |
_uhttp://koha.tu.koszalin.pl/cgi-bin/koha/opac-detail.pl?biblionumber=41134 _yKatalog online BPK |
||